000
00522nam a2200181Ia 4500
008
090123s9999 xx 000 0 und d
082
_b
33945
100
_a
आगाशे म.कृ.
245
_a
मास्तरनामा
250
_a
1
260
_b
श्रीपाद प्रकाशन
300
_a
131
600
_a
आगाशे म.कृ.
630
_a
मास्तरनामा
700
_a
आगाशे म.कृ.
730
_a
मास्तरनामा
942
_c
BOOK
999
_c
71999
_d
71999